World knowledge Quiz Stats

 Plays Quiz not verified by Sporcle

Challenge
Share
Tweet
Score 0/60 Timer 05:00
0 Plays Today
% Correct
Big Ben
90.6%
Kim Jong Un
81.1%
Michael Jordan
81.1%
Adolf Hitler (country of birth)
78.9%
Cleopatra
78.9%
Maple
75.6%
Vodka
74.4%
Toyota
71.1%
Dubai
71.1%
Fidel Castro
71.1%
Yen (currency)
70.6%
Boomerang
70%
Napoleon
69.4%
Vladimir Putin
68%
Machu Picchu
65%
Apartheid
65%
1.4 billion inhabitants
64.4%
Niagara Falls
63.9%
Lisbon
63.3%
Aristotle
61.7%
Liberty Bell
60.5%
Paella
57.2%
Confucius
56.1%
Completely surrounded by South Africa
56.1%
Pelé
55.6%
Canal dividing Pacific and Atlantic oceans
55%
La Paz (capital)
55%
Tulips
55%
Taliban
54.4%
Apu Nahasapeemapetilon (The Simpsons)
53.9%
% Correct
Fjords
52.2%
Michael Schuhmacher
51.7%
Muammar Gaddafi
51.7%
Horn of Africa
51.7%
Björk
51.1%
Haka
51.1%
Borat
49.7%
Hyundai
48.9%
Robert Mugabe
45%
Hugo Chávez
45%
Flemish
45%
Tango
44.4%
Sayonara
43.3%
Tip of Malaysia
43.3%
Khmer Rouge
42.8%
Chichén Itzá
42.2%
Sherpas
41.7%
Alfred Nobel
41.1%
Edgar Allan Poe
41.1%
Yakuza
40.8%
Petronas Towers
40.6%
Nokia
37.2%
Manny Pacquiao
36.1%
Pancho Villa
35.6%
Benazir Bhutto
35.6%
Idi Amin
33.3%
Kiibutz
26.5%
Nestlé
25.9%
Jorge Luis Borges
23.1%
Frédéric Chopin
20.4%

You're not logged in!

Compare scores with friends on all Sporcle quizzes.
Join for Free
OR
Log In

You Might Also Like...

Show Comments

Extras

Top Quizzes Today


Score Distribution

Your Account Isn't Verified!

In order to create a playlist on Sporcle, you need to verify the email address you used during registration. Go to your Sporcle Settings to finish the process.

Report this User

Report this user for behavior that violates our Community Guidelines.

Details: